| 000 | 00423nam a2200169Ia 4500 | ||
|---|---|---|---|
| 003 | GCL | ||
| 008 | 140319s9999 xx 000 0 eng d | ||
| 040 |
_aGCL / _cGCL |
||
| 082 | 0 | 4 |
_a306.874 _bO S |
| 100 | 1 | _aOAKLEY, ANN | |
| 245 | 1 | 0 |
_aSOCIAL SUPPORT AND MOTHER HOOD / _cOAKLEY, ANN |
| 260 |
_a[S.N] : _bBLACK WELL ، _c1992 |
||
| 300 | _a404 P | ||
| 650 | 0 | 4 | _aMOTHERHOOD |
| 650 | 0 | 4 | _aSOCIAL SUPPORT |
| 942 |
_2ddc _cBK |
||
| 999 |
_c25092 _d25092 |
||